000 00510nam a2200193Ia 4500
005 20250508165337.0
008 008 250505s9999 xx 000 0 hin d
037 _aTextual
040 _aFEDL
_beng
_cFEDL
041 _ahin
_2hin
084 _a305.42, GRE
_qFEDL
100 _aGreer Germaine
245 0 _aBadhiya stree
260 _aNew Delhi, India
_bRajkamal Prakashan
_c2005
300 _axi, 319p.
365 _aINR
_b550
942 _cTEXL
_h305.42, GRE
999 _c1394579
_d1394579